[Event "Pro Chess League 2023"]
[Site "Chess.com"]
[Date "2023.05.11"]
[Round "2"]
[White "Praggnanandhaa, R."]
[Black "Xu, Yinglun"]
[Result "0-1"]
[WhiteElo "2688"]
[BlackElo "2527"]
[EventDate "2023.??.??"]
[Annotator "rafael"]
[PlyCount "68"]
[Beauty "8042326324246"]
[EventType "schev"]
[EventRounds "3"]
[TimeControl "600+2"]

{[%evp 0,68,21,21,18,-10,-12,1,-1,8,15,-6,0,6,-1,6,6,1,23,-21,-21,-45,-38,-44,-38,-38,-30,-54,-52,-66,-47,-56,-64,-76,-65,-67,-54,-41,-42,-42,-51,-57,-53,-39,-27,-37,-28,-49,-43,-35,-47,-72,-73,-79,-80,-236,-253,-239,-253,-252,-252,-358,-428,-452,-511,-508,-551,-1126,-1155,-1218,-1107]} 
1.Nf3 d5 2.g3 Nf6 3.Bg2 e6 4.O-O Be7 5.d3 O-O 6.Nbd2 c5 7.e4 Nc6 8.Re1 b5 9.e5 Nd7 10.Nf1 {All this is well known in the King´s Indian Attack. This opening became very popular especially after Bobby Fischer won spectacular games with it. It's attractive because White's moves are schematic, which makes it interesting for fast-paced games, as you know what to do. That said, the attack isn't so easy to execute.} 10...Qc7 ( 10...a5 {The immediate advance of the pawn is the most popular move.} ) 11.Bf4 Bb7 12.h4 Rfc8 13.h5 h6 $1 {[%c_effect h6;square;h6;type;GreatFind;persistent;true] It's important for Black to avoid the move h5-h6, which creates weaknesses on the dark squares. There's a price to pay: White can try to sacrifice a piece on h6 or to play g4-g5 at some point.} 14.Qd2 ( 14.N1h2 {is the most popular move.} ) ( 14.c3 {is interesting in order to avoid Black's next move in the game.} ) 14...Nd4 {A new move.} ( 14...a5 ) 15.Nxd4 cxd4 16.Re2 a5 {The play becomes very concrete: Black advances the queenside, and White advances the kingside. Whoever arrives first, wins.} 17.Nh2 a4 18.a3 ( 18.Nf3 $1 {[%c_effect f3;square;f3;type;GreatFind;persistent;true] is more accurate.} 18...Qb6 19.g4 b4 20.g5 b3 {with big complications.} ) 18...Qb6 {Getting ready to play b4.} 19.Nf3 b4 20.axb4 Bxb4 21.Qc1 Bf8 $1 {[%c_effect f8;square;f8;type;GreatFind;persistent;true] A good move, bringing the bishop to the protection of the king.} 22.g4 {The advance of the g-pawn is White's only meaningful plan.} 22...Ba6 {Threatening to take on d3.} 23.Qb1 Nc5 24.g5 hxg5 25.Bxg5 $6 {[%c_effect g5;square;g5;type;Inaccuracy;persistent;true] This is the first mistake of the game. It's better to capture with the knight.} ( 25.Nxg5 Rab8 26.Ra2 a3 27.Rxa3 Qxb2 28.Qxb2 Rxb2 29.Bf1 {With a more or less equal endgame.} ) 25...Rab8 26.Ra2 $6 {[%c_effect a2;square;a2;type;Inaccuracy;persistent;true] This allows a nice tactical shot.} ( 26.Re1 {is better.} 26...Qxb2 27.Qxb2 Rxb2 28.Nxd4 {With a slightly better endgame for Black.} ) 26...Ne4 $1 {[%c_effect e4;square;e4;type;GreatFind;persistent;true] This move refutes White's play.} 27.Qd1 $2 {[%c_effect d1;square;d1;type;Mistake;persistent;true] This loses by force.} ( 27.Qa1 {is necessary.} 27...a3 28.Bc1 $1 {[%c_effect c1;square;c1;type;GreatFind;persistent;true] Black is much better, but there's no immediate win.} ) 27...a3 $1 {[%c_effect a3;square;a3;type;GreatFind;persistent;true]} 28.Bc1 Nc3 $3 {[%c_effect c3;square;c3;type;Brilliant;persistent;true] The second knight sacrifice in this game. Black wins material, and White's counterplay on the kingside is too late.} 29.bxc3 Qb1 30.h6 Qxa2 31.hxg7 Bxg7 32.Nxd4 Qb1 33.Re3 a2 34.Rg3 Qxc1 {The simplest.} ( 34...Qxc1 35.Qxc1 Rb1 ) 0-1

[Event "Superbet Chess Classic"]
[Site "Chess.com"]
[Date "2023.05.06"]
[Round "1.5"]
[White "Firouzja, Alireza"]
[Black "So, Wesley"]
[Result "0-1"]
[WhiteElo "2785"]
[BlackElo "2760"]
[EventDate "2023.??.??"]
[Annotator "Bojkov,Dejan"]
[PlyCount "144"]
[Beauty "5705503345188"]
[EventType "game"]
[WhiteTeam "France"]
[BlackTeam "United States"]
[WhiteTeamCountry "FRA"]
[BlackTeamCountry "USA"]
[WhiteClock "0:01:39"]
[BlackClock "0:01:08"]

1.e4 e5 2.Nf3 Nc6 3.Bc4 Bc5 4.d3 d6 5.c3 Bb6 {\"Fabiano [Caruana] made this move popular. He played it in Paris two years ago.\" (So). Black keeps his kingside knight undeveloped for the time being in order to avoid the pin with Bc1-g5.} ( {Relevant:} 5...Nf6 6.O-O a6 7.a4 Ba7 8.Re1 h6 9.Nbd2 g5 10.Nf1 g4 11.N3d2 h5 12.b4 h4 {Aronian,L (2745)-Grischuk,A (2745) Astana 2023} ) 6.O-O h6 7.Nbd2 {There is no need to invent anything extraordinary. The normal development is a good way to face Black's idea.} ( {So also faced} 7.a4 Nf6 8.b4 a5 9.b5 Ne7 10.Be3 Bxe3 11.fxe3 O-O 12.Nbd2 Ng6 13.Qe1 c6 14.Nh4 d5 {and Black was doing just fine in Adhiban,B (2660)-So,W (2772) chess24.com INT 2021.} ) 7...Nf6 8.Bb3 a5 $5 {[%c_effect a5;square;a5;type;Interesting;persistent;true] A rare move. Black wants to preserve his dark-squared bishop. Why this pawn stands better here than on a6 is somewhat of a mystery.} ( {However, the conventional} 8...a6 9.Nc4 Ba7 {enters a famous position in which it is normally Black to move (he does not lose a tempo on …Bc5-b6-a7 in the normal lines.)} ) 9.Re1 ( {Here it is $1 In case of} 9.Nc4 Ba7 10.Be3 b5 {the black a5-pawn actually stands pretty well.} ) 9...O-O 10.h3 {\"I thought I was slightly worse out of the opening, but nothing special.\" (So)} 10...Be6 {\"I like this move.\" (So)} 11.Bxe6 fxe6 12.Nc4 Ba7 13.Be3 $146 {The bishop is too annoying to be tolerated.} ( {The predecessor was an email game:} 13.a4 Rf7 14.Be3 Bxe3 15.Rxe3 Qd7 16.Nh4 Rd8 17.Ng6 b6 18.Nd2 Qe8 {Achilles,E (2434)-Susedenko,V (2443) ICCF email 2017} ) 13...Bxe3 14.Rxe3 a4 15.d4 {Until here Firouzja played very quickly and confidently. This was an important moment in the game, and an important decision was taken. As it often happens, the immediate attempt to seize the center leads to relieving trades for the second player.} ( {So suggested instead to keep the pressure for the time being with} 15.Rc1 $5 {[%c_effect c1;square;c1;type;Interesting;persistent;true]} ) 15...exd4 16.cxd4 d5 $1 {[%c_effect d5;square;d5;type;GreatFind;persistent;true] \"I equalized quickly after this.\" (So)} 17.exd5 exd5 18.Ncd2 ( {More trades can hardly scare Black.} 18.Nce5 Nxe5 19.Nxe5 Ne4 ) 18...Qd6 19.a3 $1 {[%c_effect a3;square;a3;type;GreatFind;persistent;true] Fixes a weakness. Now White has something to play for.} 19...Qf4 {Somewhere around here So starts to hesitate and shuffles his queen around without clear aim.} ( {More purposeful is} 19...Nh5 $1 {[%c_effect h5;square;h5;type;GreatFind;persistent;true] initiating counterplay on his own on the kingside.} ) 20.Nb1 $1 {[%c_effect b1;square;b1;type;GreatFind;persistent;true] Firouzja intends to aim two pawns at the same time.} 20...Ne4 $1 {[%c_effect e4;square;e4;type;GreatFind;persistent;true] Which of course cannot be allowed.} 21.Nc3 Nxc3 22.Rxc3 Qd6 {Admitting that the queen was more of a scarecrow.} 23.Rac1 {Whereas White brings his rooks out of slumber.} 23...Rf7 24.R1c2 Rf4 {So, too, searches for sore points in the enemy position.} 25.Re3 {Now both players start a little dance around the opponent's weaknesses.} 25...Qf6 26.Rd3 Re8 27.Rc5 Qd6 {A small tactical defense.} 28.Rcc3 ( 28.Qxa4 $4 {[%c_effect a4;square;a4;type;Blunder;persistent;true]} 28...Qxc5 ) 28...Rfe4 29.g3 {Finally White is ready to capture the pawn.} ( {Still not} 29.Qxa4 $4 {[%c_effect a4;square;a4;type;Blunder;persistent;true]} 29...Re1+ 30.Nxe1 Rxe1# ) 29...Re2 {But Black is again in time to generate counter-threats.} 30.Rd2 ( 30.Qxa4 Rxb2 ) 30...Rxd2 31.Qxd2 Qg6 {Surprisingly, this active move allows White a chance.} ( {Safer was} 31...Qe6 $1 {[%c_effect e6;square;e6;type;GreatFind;persistent;true]} 32.Kg2 Qe2 {and the a4-pawn is out of any danger.} ) 32.Kg2 ( {Firouzja missed his chance to hit the weakness once more with} 32.Qd1 $1 {[%c_effect d1;square;d1;type;GreatFind;persistent;true] Now that the active black pieces are no longer around, White is really threatening the weakness, and a passive defense like} 32...Ra8 {would not work due to} 33.b4 $1 {[%c_effect b4;square;b4;type;GreatFind;persistent;true]} 33...axb3 34.Qxb3 {when White is winning a pawn.} ) 32...Qb1 {Now it is back to balanced.} 33.Rc1 Qf5 34.Rc3 Qb1 35.h4 {Firouzja wants more than a draw, but as we shall see, this move is not without issues of its own.} 35...Re7 36.Rc1 Qf5 37.Qd1 ( 37.Rc5 {was stronger and safer.} ) 37...g5 $1 {[%c_effect g5;square;g5;type;GreatFind;persistent;true] \"I am pretty sure he missed this move. He had little time.\" (So) The drawback of the h-push is now evident and White's position becomes too loose.} 38.hxg5 hxg5 39.Qd2 g4 {Suddenly, both the d4-pawn and the white king are in danger. Firouzja needs to switch to the defense.} 40.Nh4 ( {The machine holds somehow after} 40.Ne5 Nxe5 41.dxe5 Rxe5 ( 41...Qxe5 42.Qb4 $1 {[%c_effect b4;square;b4;type;GreatFind;persistent;true]} ) 42.Qa5 $3 {[%c_effect a5;square;a5;type;Brilliant;persistent;true]} ( {Whereas the human move} 42.Rxc7 {with the idea to announce a perpetual check after} 42...Qf3+ ( {actually loses to the neat} 42...Qe4+ $1 {[%c_effect e4;square;e4;type;GreatFind;persistent;true] The queen needs to cover the b1-h7 diagonal.} 43.Kg1 Rh5 44.Rc8+ Kh7 45.Rc7+ Kg6 $19 {and the checks are over.} ) 43.Kg1 Rh5 44.Rc8+ Kg7 45.Rc7+ ) ) 40...Qe4+ 41.Kh2 {This turns out to be a mistake.} ( {Apparently, the king needed to defend the f2-pawn, thus} 41.Kg1 $1 {[%c_effect g1;square;g1;type;GreatFind;persistent;true] would have been more stubborn when} 41...Qxd4 ( {Although here, too, Black can play for more with} 41...Nxd4 42.Rd1 Ne2+ 43.Kh2 Re5 ) 42.Qg5+ Rg7 43.Qh5 {provides White enough counterplay due to the Nh4-f5 inclusion.} ) 41...Qxd4 42.Qg5+ Rg7 43.Qf5 ( 43.Qh5 Qxf2+ {is out of the question.} ) 43...Rf7 44.Qg5+ Kf8 $1 {[%c_effect f8;square;f8;type;GreatFind;persistent;true] So kept an extra pawn and got his favorite extra-material type of position.} 45.Kh1 Qe4+ 46.Kg1 Ke8 {Out of the checking zone.} 47.Qd2 Re7 48.Rd1 d4 49.Qg5 Ne5 {The powerful centralization secures Black of any perpetual checks.} 50.Qd2 d3 ( 50...c5 $5 {[%c_effect c5;square;c5;type;Interesting;persistent;true] looked more solid.} ) 51.Qf4 Qxf4 {This turned out to be enough for the full point.} ( {But there was an even more convincing continuation} 51...Qe2 $1 {[%c_effect e2;square;e2;type;GreatFind;persistent;true]} 52.Rd2 Nf3+ $3 {[%c_effect f3;square;f3;type;Brilliant;persistent;true]} 53.Nxf3 gxf3 $1 {[%c_effect f3;square;f3;type;GreatFind;persistent;true] when the pawns would be unstoppable.} ) 52.gxf4 Nc4 53.Rxd3 Nxb2 54.Rc3 Rd7 55.Kg2 {Missing his last chance.} ( {Redeploying the knight with} 55.Ng2 $1 {[%c_effect g2;square;g2;type;GreatFind;persistent;true] was more resilient.} ) 55...Nd3 $1 {[%c_effect d3;square;d3;type;GreatFind;persistent;true] Now Black is optimally positioned to run his passers.} 56.Kg3 c5 57.Kxg4 b5 58.Nf5 Kf7 59.Kg5 Rd5 60.Rc2 Ne1 {Extra cautious play by So in the opponent's time-trouble $1} ( 60...b4 $1 {[%c_effect b4;square;b4;type;GreatFind;persistent;true] would have been stronger as there is no perpetual after} 61.axb4 cxb4 62.Rc7+ Ke8 ) 61.Rc3 Nd3 62.Rc2 b4 {Time to roll the pawns.} 63.axb4 cxb4 64.Rc7+ Ke8 65.Kf6 Kd8 66.Ra7 b3 67.Ne3 Rd6+ 68.Kf5 b2 69.Rb7 Rd4 70.Nc2 Rxf4+ 71.Kg5 Rxf2 72.Na3 Rf1 0-1

[Event "Superbet Chess Classic 2023"]
[Site "Chess.com"]
[Date "2023.05.08"]
[Round "3"]
[White "Caruana, Fabiano"]
[Black "Vachier Lagrave, Maxime"]
[Result "1-0"]
[WhiteElo "2764"]
[BlackElo "2742"]
[EventDate "2023.??.??"]
[Annotator "rafael"]
[PlyCount "45"]
[Beauty "8251705917473"]
[EventType "team-tourn"]
[EventCountry "ROU"]
[TimeControl "5400+30"]

{[%evp 0,45,24,23,24,1,35,2,2,0,11,13,12,5,27,25,50,50,50,57,57,50,55,40,39,43,43,47,63,65,43,40,92,85,114,122,177,177,177,177,173,173,220,152,281,241,322,294]} 
1.d4 Nf6 2.c4 g6 3.h4 {As elite grandmasters show us in every tournament, it's possible to play anything in the opening these days, you just have to be well prepared. I guess I'm making this sound easier than it really is. The idea of this move is not so complex: White wants to play h5 at some point. This is mainly targeted against the Grunfeld Defence. I hope the reader is not offended by this spoiler, but it's curious that this pawn never managed to fulfill its destiny and stayed on h4 for the remainder of the game.} 3...Bg7 4.Nc3 O-O {Vachier-Lagrave accepts to play a King's Indian. Can this be considered Caruana's first victory in this game, or am I exaggerating $2} ( 4...d5 5.h5 $1 {[%c_effect h5;square;h5;type;GreatFind;persistent;true] Here it is: the real point of the daring advance on move three.} ) 5.e4 d6 6.Be2 $1 {[%c_effect e2;square;e2;type;GreatFind;persistent;true] The best way to make sense of the pawn on h4. Vachier-Lagrave himself has some experience on the white side of this position.} 6...c5 ( 6...h5 {is logical, stopping the pawn once and for all. But then White can try to place either a knight or a bishop on the g5-square. There's a lot of theory on this position.} ) ( 6...e5 {This was played by Carlsen.} 7.dxe5 $6 {[%c_effect e5;square;e5;type;Inaccuracy;persistent;true] A strange choice, since 7.d5 is much more natural.} ( 7.d5 ) 7...dxe5 8.Qxd8 Rxd8 9.h5 c6 {Vachier-Lagrave-Carlsen, Carlsen Inv Prelim (rapid) 2020.} ) 7.d5 b5 $5 {[%c_effect b5;square;b5;type;Interesting;persistent;true] Black chooses an improved version of the Benko Gambit.} ( 7...e6 {Vachier-Lagrave has played this move before.} 8.h5 exd5 9.exd5 Re8 10.h6 Bh8 11.Bg5 Qb6 {with a complicated game in Grischuk-Vachier-Lagrave, Paris (rapid) 2019.} ) 8.cxb5 a6 {As I was about to make fun of one more failed attempt of playing the Benko Gambit, I suddenly found out that I had played this position with Black myself. The past always comes back to haunt us. To be fair, I managed to get a pretty good position against a strong opponent.} 9.a4 ( 9.b6 $6 {[%c_effect b6;square;b6;type;Inaccuracy;persistent;true] The problem with the Benko Gambit is that it loses a pawn. Enough said.} 9...Qxb6 10.Nh3 h5 $1 {[%c_effect h5;square;h5;type;GreatFind;persistent;true]} 11.Ng5 Nbd7 12.O-O Ne5 13.Na4 Qc7 14.Bf4 Nh7 {I remember that I liked my position at this point. Vescovi-Leitao, Sao Paulo 2007.} ) 9...axb5 10.Bxb5 Ba6 11.Bxa6 ( 11.Bd2 {Vachier-Lagrave used this move to beat Svidler in 2021.} 11...Bxb5 12.axb5 Nbd7 13.Nf3 Rxa1 14.Qxa1 Qb6 15.O-O Rb8 16.Qa6 Ne8 {Black has a good position since the knight is going to c7 and the b5-pawn is about to be lost, but somehow White won the game in Vachier-Lagrave-Svidler, St. Louis 2021.} ) 11...Nxa6 12.Nf3 {Here we have a much better version for Black of the traditional gambit, since the pawn on h4 leaves some weaknesses on White's position. Honestly, if this position is not playable for Black, then I have bad news for Benko Gambit lovers. The question is: what's the best way for Black to explore the lead in initiative and the weakened g4-square to fight for compensation $2} 12...Qd7 {A novelty. Vachier-Lagrave aims his queen at the kingside, but his piece's only got a one-way ticket for its journey.} ( 12...Ng4 $6 {[%c_effect g4;square;g4;type;Inaccuracy;persistent;true] is obviously premature, as it allows the advance of the pawn.} 13.h5 $1 {[%c_effect h5;square;h5;type;GreatFind;persistent;true]} ) ( 12...e6 $6 {[%c_effect e6;square;e6;type;Inaccuracy;persistent;true]} 13.dxe6 $1 {[%c_effect e6;square;e6;type;GreatFind;persistent;true]} 13...fxe6 14.O-O d5 15.Bg5 {leads to a clear advantage for White.} ) ( 12...h5 13.O-O Ng4 {was played in Boyer-Bailet, Vaujany op 2021.} ) ( 12...Nb4 {is natural, but the queen probably will go to d7 anyway after} 13.O-O ) 13.O-O Qg4 $6 {[%c_effect g4;square;g4;type;Inaccuracy;persistent;true]} ( 13...Nb4 $1 {[%c_effect b4;square;b4;type;GreatFind;persistent;true] is more accurate, leaving all options open. Black can play with c5-c4, Qg4, or Ng4. The compensation for the pawn seems quite decent.} ) 14.Re1 Nb4 15.Bg5 $1 {[%c_effect g5;square;g5;type;GreatFind;persistent;true] A very strong move by Caruana. It's the only move that gives White a clear edge, and it was probably missed by Black.} ( 15.e5 $6 {[%c_effect e5;square;e5;type;Inaccuracy;persistent;true] is premature.} 15...dxe5 16.Nxe5 Qxh4 ) 15...Nh5 $2 {[%c_effect h5;square;h5;type;Mistake;persistent;true] This is based on a miscalculation. The initiative is not strong enough to compensate for the missing pawns.} ( 15...h6 {This is the critical try, but White has the advantage after some precise moves.} 16.Bxf6 Bxf6 ( 16...exf6 {is not as bad as it looks if Black manages to play f6-f5 one day, but White is in control after} 17.Nb5 ) 17.e5 $1 {[%c_effect e5;square;e5;type;GreatFind;persistent;true]} 17...dxe5 18.Re4 $1 {[%c_effect e4;square;e4;type;GreatFind;persistent;true]} ( 18.Nxe5 {is not so convincing after} 18...Qxh4 ) 18...Qf5 19.Qe2 Rfd8 20.Rd1 {followed by 21.Nxe5 with a clear advantage.} ) 16.Bxe7 Nf4 17.g3 Rfe8 ( 17...Nbd3 {is an interesting attempt, but it's refuted after} 18.Ng5 $1 {[%c_effect g5;square;g5;type;GreatFind;persistent;true]} ( 18.Bxf8 $4 {[%c_effect f8;square;f8;type;Blunder;persistent;true] loses to} 18...Qh3 $1 {[%c_effect h3;square;h3;type;GreatFind;persistent;true]} 19.gxf4 Nxf4 {with inevitable mate.} ) 18...Qxd1 19.Raxd1 Nxb2 20.Bxf8 {and White will be ahead after both players capture all the hanging pieces.} ) 18.Bxd6 Nfd3 19.Re3 $1 {[%c_effect e3;square;e3;type;GreatFind;persistent;true]} 19...Nxb2 20.Qb3 N2d3 21.e5 {Black is left with a miserable position, but his agony will soon be over.} 21...f5 {A desperate attempt to complicate the game.} ( 21...c4 22.Qd1 {with two pawns up and an easy win for White.} ) 22.Nh2 Qh3 $6 {[%c_effect h3;square;h3;type;Inaccuracy;persistent;true]} ( 22...Qd4 {is better. Caruana could choose to repeat moves with 23.Nf3 and play something else later, or play 23.Rd1.} 23.Rd1 ( 23.Nf3 ) 23...c4 24.Qxb4 $1 {[%c_effect b4;square;b4;type;GreatFind;persistent;true]} 24...Qxe3 25.fxe3 Nxb4 26.Bxb4 Bxe5 27.Kf2 {with an easily winning endgame.} ) 23.Ne2 {Black's pieces are hanging, the queen is out of the game, and he is two pawns down. The game is over.} 1-0